| 000 | 00560nam a22001817a 4500 | ||
|---|---|---|---|
| 003 | CEME | ||
| 005 | 20210628205950.0 | ||
| 008 | 210209b xxu||||| |||| 00| 0 eng d | ||
| 020 | _a0-07-047909-7 | ||
| 040 | _c. | ||
| 082 | _a658.503 ODE | ||
| 100 |
_aOden, Howard. Lucier, R.A Langenwalter, Raymond.A _977695 |
||
| 245 | _aHandbook of material and capacity requirements planning | ||
| 260 |
_aNEWYORK _bMCGRAW HILL _c1993 |
||
| 300 | _a457P | ||
| 650 |
_aMATERIAL MANAGEMENT-HANDBOOK MANUALS INVENTORY CONTROL-HANDBOOK MANUALS _977696 |
||
| 942 |
_cBK _2ddc |
||
| 999 |
_c582919 _d582919 |
||